| 000 | 00601nam a2200205 i 4500 | ||
|---|---|---|---|
| 001 | 131645 | ||
| 003 | ES-MaACL | ||
| 005 | 20251003190534.0 | ||
| 007 | t| | ||
| 008 | 070214s1968 sp r ||||1| spa d | ||
| 100 | 1 |
_aRodríguez Cánovas, José. _998404 |
|
| 245 | 1 | 0 |
_aIsidoro Máiquez / _cJosé Rodríguez Cánovas. |
| 260 |
_aCartagena : _bAthenas, _c1968. |
||
| 300 |
_a134 p., [5] h. de lám. ; _c20 cm. |
||
| 490 | 1 |
_aAlmarjal ; _v10 |
|
| 600 | 0 | 4 |
_aMáiquez, Isidoro, _d1768-1820 _975608 |
| 830 | 1 |
_aAlmarjal ; _v10 _9186869 |
|
| 852 |
_aES-MaACL _jC-48571 |
||
| 999 |
_c131645 _d131645 |
||